[Event "SF-2013-0-00190"]
[Site "LSS email"]
[Date "2013.03.24"]
[Round "?"]
[White "Lebduska, Daniel"]
[Black "Elnemr, Amir"]
[Result "0-1"]
[WhiteElo "668"]
[BlackElo "1021"]
[PlyCount "46"]
[EventDate "2013.02.03"]
[EventType "tourn (corr)"]
[EventRounds "6"]
[EventCountry "GER"]
[SourceTitle "Telechess CBM 161"]
[Source "ChessBase"]
[SourceDate "2014.07.16"]
[SourceVersion "1"]
[SourceVersionDate "2014.07.16"]
[SourceQuality "1"]

1. e4 c5 2. Bc4 d6 3. Nf3 Nf6 4. d4 cxd4 5. Qxd4 Nc6 6. Bb5 Bd7 7. Bxc6 Bxc6 8. Nc3 g6 9. 0-0 Bg7 10. a3 0-0 11. Bg5 Nxe4 12. Qe3 Nxg5 13. Nxg5 Qd7 14. Qg3 f6 15. Nf3 Rac8 16. Nd4 f5 17. Nxc6 Qxc6 18. Ne2 Qxc2 19. Nf4 Be5 20. Qg5 Bxf4 21. Qxe7 Rc7 22. Qe6+ Kg7 23. g3 Be5 0-1

[Event "ZL-2013-0-01260"]
[Site "LSS email"]
[Date "2013.02.18"]
[Round "?"]
[White "Chatzisotiriou, Petros"]
[Black "Elnemr, Amir"]
[Result "1-0"]
[WhiteElo "1125"]
[BlackElo "1021"]
[PlyCount "77"]
[EventDate "2013.02.13"]
[EventType "match (corr)"]
[EventRounds "2"]
[EventCountry "GER"]
[SourceTitle "Telechess CBM 161"]
[Source "ChessBase"]
[SourceDate "2014.07.16"]
[SourceVersion "1"]
[SourceVersionDate "2014.07.16"]
[SourceQuality "1"]

1. d4 Nf6 2. c4 e6 3. Nc3 Bb4 4. e3 0-0 5. Bd3 d5 6. cxd5 exd5 7. h3 Be6 8. Nf3 Nc6 9. 0-0 Qd7 10. Ng5 Bf5 11. Qc2 Ne7 12. Bxf5 Nxf5 13. a3 Bd6 14. Qb3 c6 15. Bd2 Rae8 16. Qd1 Bb8 17. Nf3 Qd6 18. Ne2 Ne4 19. Bb4 c5 20. dxc5 Nxc5 21. Qc2 Nh4 22. Ng3 Nxf3+ 23. gxf3 b6 24. Rac1 Rc8 25. Rfd1 Rfe8 26. Qf5 Rcd8 27. e4 Re5 28. Qf4 Qg6 29. Qh4 f6 30. Rxd5 Rdxd5 31. exd5 Re2 32. Bxc5 bxc5 33. Rxc5 Qb1+ 34. Kg2 Rxb2 35. Rc8+ Kf7 36. Qh5+ Qg6 37. Qxg6+ Kxg6 38. Ne4 Be5 39. Rc6 1-0

[Event "LSS CP-2008-P-00049"]
[Site "LSS email"]
[Date "2008.10.01"]
[Round "?"]
[White "Van de Peut, Aart A"]
[Black "Elnemr, Amir"]
[Result "1-0"]
[WhiteElo "1764"]
[BlackElo "1400"]
[PlyCount "31"]
[EventDate "2008.10.01"]
[EventType "tourn (corr)"]
[EventRounds "6"]
[EventCountry "GER"]
[SourceTitle "Corr 2011"]
[Source "ChessBase"]
[SourceDate "2010.08.31"]
[SourceVersion "1"]
[SourceVersionDate "2010.08.31"]
[SourceQuality "1"]

1. d4 d5 2. c4 dxc4 3. e4 e5 4. Nf3 Bg4 5. Bxc4 exd4 6. Bxf7+ Kxf7 7. Ne5+ Ke8 8. Qxg4 Nf6 9. Qe6+ Qe7 10. Qc8+ Qd8 11. Qxd8+ Kxd8 12. Nf7+ Ke8 13. Nxh8 Bd6 14. 0-0 Nc6 15. f4 Ng4 16. h3 1-0

[Event "LSS SD-2008-0-00014"]
[Site "LSS email"]
[Date "2008.08.29"]
[Round "?"]
[White "D'Emilia, Jack"]
[Black "Elnemr, Amir"]
[Result "1-0"]
[WhiteElo "1419"]
[BlackElo "1400"]
[PlyCount "39"]
[EventDate "2008.08.10"]
[EventType "tourn (corr)"]
[EventRounds "6"]
[EventCountry "GER"]
[SourceTitle "Corr 2011"]
[Source "ChessBase"]
[SourceDate "2010.08.31"]
[SourceVersion "1"]
[SourceVersionDate "2010.08.31"]
[SourceQuality "1"]

1. e4 e5 2. Nf3 Nc6 3. Bb5 Nf6 4. Bxc6 dxc6 5. 0-0 Bg4 6. Qe1 Bxf3 7. gxf3 Nh5 8. d3 Qf6 9. Nd2 Nf4 10. Kh1 Bc5 11. Nb3 Bb6 12. Bxf4 Qxf4 13. Qe2 f5 14. c4 a6 15. c5 Ba7 16. Qe3 Qh4 17. exf5 Qf6 18. d4 0-0 19. dxe5 Qxf5 20. Nd4 1-0

[Event "LSS SD-2008-0-00014"]
[Site "LSS email"]
[Date "2008.08.27"]
[Round "?"]
[White "Elnemr, Amir"]
[Black "Koziol, Pawel"]
[Result "0-1"]
[WhiteElo "1400"]
[BlackElo "1407"]
[PlyCount "45"]
[EventDate "2008.08.10"]
[EventType "tourn (corr)"]
[EventRounds "6"]
[EventCountry "GER"]
[SourceTitle "Corr 2011"]
[Source "ChessBase"]
[SourceDate "2010.08.31"]
[SourceVersion "1"]
[SourceVersionDate "2010.08.31"]
[SourceQuality "1"]

1. e4 e6 2. d4 d5 3. Nc3 Nf6 4. Bg5 Bb4 5. e5 h6 6. Bh4 g5 7. Bg3 Ne4 8. Qd3 c5 9. a3 Bxc3+ 10. bxc3 Nc6 11. f3 c4 12. Qe3 Nxg3 13. hxg3 Bd7 14. f4 gxf4 15. gxf4 Qb6 16. Ne2 0-0-0 17. Nc1 Rdg8 18. Na2 Ne7 19. Qc1 Nf5 20. Rb1 Qc7 21. Kf2 h5 22. Be2 h4 23. Qb2 0-1

[Event "FICGS class E 000060 email"]
[Site "FICGS email"]
[Date "2007.09.05"]
[Round "1"]
[White "Neil, Charles"]
[Black "Elnemr, Amir"]
[Result "0-1"]
[WhiteElo "1309"]
[BlackElo "1427"]
[PlyCount "66"]
[EventDate "2007.??.??"]
[EventType "tourn (corr)"]
[EventRounds "5"]
[SourceTitle "Corr 2022"]
[Source "ChessBase"]
[SourceDate "2021.10.24"]
[SourceVersion "1"]
[SourceVersionDate "2021.10.24"]
[SourceQuality "1"]

1. d4 e6 2. c4 Nf6 3. Nf3 d5 4. Bg5 Bb4+ 5. Nbd2 Nc6 6. a3 Be7 7. e3 Qd6 8. c5 Qd7 9. b4 b6 10. Bd3 bxc5 11. dxc5 Rb8 12. 0-0 e5 13. Qa4 Qe6 14. Bb5 Bd7 15. Bxc6 Bxc6 16. Qxa7 Qc8 17. Nxe5 Ra8 18. Nxc6 Rxa7 19. Nxa7 Qb7 20. a4 Qxa7 21. Nb3 c6 22. Nd4 Qc7 23. Rfc1 0-0 24. b5 Ne4 25. Bxe7 Qxe7 26. b6 Nxc5 27. a5 Rc8 28. a6 Nxa6 29. Rxa6 Qb7 30. Rb1 Qxa6 31. Nxc6 Rxc6 32. b7 Qxb7 33. Rxb7 Rc1# 0-1

[Event "FICGS class E 000046 email"]
[Site "FICGS email"]
[Date "2007.04.22"]
[Round "1"]
[White "Elnemr, Amir"]
[Black "Litzenburger, Xavier"]
[Result "1-0"]
[WhiteElo "1495"]
[BlackElo "1200"]
[PlyCount "23"]
[EventDate "2007.??.??"]
[EventType "tourn (corr)"]
[EventRounds "5"]
[SourceTitle "Corr 2022"]
[Source "ChessBase"]
[SourceDate "2021.10.24"]
[SourceVersion "1"]
[SourceVersionDate "2021.10.24"]
[SourceQuality "1"]

1. e4 e5 2. f4 d5 3. exd5 Nf6 4. fxe5 Nxd5 5. Nf3 Nc6 6. Bb5 Bc5 7. d4 Bb4+ 8. c3 Ba5 9. 0-0 a6 10. Bd3 Bg4 11. Qe1 Bxf3 12. Rxf3 1-0

[Event "FICGS class D 000041 email"]
[Site "FICGS email"]
[Date "2007.04.09"]
[Round "1"]
[White "Elnemr, Amir"]
[Black "Pettus, Erle"]
[Result "1-0"]
[WhiteElo "1495"]
[BlackElo "1400"]
[PlyCount "21"]
[EventDate "2007.??.??"]
[EventType "tourn (corr)"]
[EventRounds "6"]
[SourceTitle "Corr 2022"]
[Source "ChessBase"]
[SourceDate "2021.10.24"]
[SourceVersion "1"]
[SourceVersionDate "2021.10.24"]
[SourceQuality "1"]

1. e4 Nc6 2. d4 d5 3. exd5 Qxd5 4. Nc3 Qxd4 5. Bb5 Qe5+ 6. Be3 a6 7. Nf3 Qf6 8. Bxc6+ bxc6 9. Qd4 Bb7 10. 0-0-0 e6 11. Qd7# 1-0

[Event "FICGS class D 000016 email"]
[Site "FICGS email"]
[Date "2006.10.30"]
[Round "1"]
[White "Elnemr, Amir"]
[Black "Acre, John"]
[Result "1-0"]
[WhiteElo "1400"]
[BlackElo "1500"]
[PlyCount "33"]
[EventDate "2006.??.??"]
[EventType "tourn (corr)"]
[EventRounds "6"]
[SourceTitle "Corr 2022"]
[Source "ChessBase"]
[SourceDate "2021.10.24"]
[SourceVersion "1"]
[SourceVersionDate "2021.10.24"]
[SourceQuality "1"]

1. e4 c5 2. Nf3 d6 3. d4 cxd4 4. Nxd4 Nf6 5. Nc3 g6 6. Be2 Bg7 7. 0-0 Nc6 8. Bb5 Bd7 9. Be3 Ng4 10. Nxc6 Nxe3 11. Nxd8 Nxd1 12. Raxd1 Rxd8 13. Bxd7+ Kxd7 14. f4 Bxc3 15. bxc3 Rc8 16. Rf3 Rc4 17. e5 1-0

[Event "FICGS class D 000016 email"]
[Site "FICGS email"]
[Date "2006.10.30"]
[Round "1"]
[White "Elnemr, Amir"]
[Black "Wilson, Jaimie"]
[Result "0-1"]
[WhiteElo "1400"]
[BlackElo "1700"]
[PlyCount "48"]
[EventDate "2006.??.??"]
[EventType "tourn (corr)"]
[EventRounds "6"]
[SourceTitle "Corr 2022"]
[Source "ChessBase"]
[SourceDate "2021.10.24"]
[SourceVersion "1"]
[SourceVersionDate "2021.10.24"]
[SourceQuality "1"]

1. e4 Nf6 2. e5 Nd5 3. d4 d6 4. c4 Nb6 5. f4 dxe5 6. fxe5 Nc6 7. Be3 Bf5 8. Nc3 e6 9. a3 Be7 10. Nf3 Bg4 11. Be2 Qd7 12. 0-0 0-0 13. d5 Bxf3 14. Rxf3 Nxe5 15. Rh3 Rad8 16. c5 Nxd5 17. Nxd5 Qxd5 18. Qxd5 Rxd5 19. b4 Bf6 20. Rd1 Rfd8 21. Rxd5 exd5 22. Bf4 c6 23. Re3 Ng6 24. Bg3 Bd4 0-1

[Event "FICGS class D 000016 email"]
[Site "FICGS email"]
[Date "2006.10.30"]
[Round "1"]
[White "Waller, Martin"]
[Black "Elnemr, Amir"]
[Result "1/2-1/2"]
[WhiteElo "1600"]
[BlackElo "1400"]
[PlyCount "57"]
[EventDate "2006.??.??"]
[EventType "tourn (corr)"]
[EventRounds "6"]
[SourceTitle "Corr 2022"]
[Source "ChessBase"]
[SourceDate "2021.10.24"]
[SourceVersion "1"]
[SourceVersionDate "2021.10.24"]
[SourceQuality "1"]

1. e4 e5 2. Nc3 Nf6 3. Bc4 Nc6 4. d3 Bb4 5. Nge2 Nd4 6. Bd2 c6 7. a3 Bxc3 8. Bxc3 d5 9. exd5 cxd5 10. Nxd4 Bd7 11. Bb5 exd4 12. Bxd7+ Qxd7 13. Qe2+ Qe6 14. Qxe6+ fxe6 15. Bxd4 0-0 16. 0-0-0 Ng4 17. f3 e5 18. fxg4 exd4 19. Rde1 Rf2 20. Rhg1 Rc8 21. Kb1 Rfxc2 22. Rc1 Rxc1+ 23. Rxc1 Rc6 24. Rc2 Kf7 25. Kc1 Kf6 26. Kd1 Kg5 27. Re2 Kf6 28. h3 g5 29. Kd2 1/2-1/2

[Event "IECG CD.2005.0.00093 email"]
[Site "IECG email"]
[Date "2005.03.16"]
[Round "?"]
[White "Casser, Aaron"]
[Black "Elnemr, Amir"]
[Result "1-0"]
[WhiteElo "1507"]
[BlackElo "1400"]
[PlyCount "41"]
[EventDate "2005.03.16"]
[EventType "tourn (corr)"]
[EventRounds "6"]
[SourceTitle "Corr 2008"]
[Source "ChessBase"]
[SourceDate "2008.06.24"]
[SourceVersion "1"]
[SourceVersionDate "2008.06.24"]
[SourceQuality "1"]

1. e4 e5 2. Nf3 Nc6 3. Bb5 a6 4. Bxc6 dxc6 5. 0-0 Bg4 6. h3 h5 7. d3 Qf6 8. Nbd2 Ne7 9. Re1 Ng6 10. d4 exd4 11. e5 Qf5 12. hxg4 hxg4 13. Nh2 g3 14. fxg3 Bc5 15. Nb3 Bb6 16. Nxd4 0-0-0 17. c3 Nxe5 18. Nhf3 Nxf3+ 19. Qxf3 Qh7 20. Be3 Rde8 21. Qf5+ 1-0

[Event "IECG TG.2005.0.15358"]
[Site "IECG email"]
[Date "2005.03.08"]
[Round "2"]
[White "Elnemr, Amir"]
[Black "Tempesti, Furio"]
[Result "0-1"]
[WhiteElo "1400"]
[BlackElo "1400"]
[PlyCount "62"]
[EventDate "2005.03.08"]
[EventType "match (corr)"]
[EventRounds "2"]
[SourceTitle "Corr 2008"]
[Source "ChessBase"]
[SourceDate "2008.06.24"]
[SourceVersion "1"]
[SourceVersionDate "2008.06.24"]
[SourceQuality "1"]

1. e4 e6 2. d4 d5 3. Nc3 Bb4 4. e5 c5 5. a3 Bxc3+ 6. bxc3 Ne7 7. Nf3 Bd7 8. a4 Qc7 9. Be2 Nbc6 10. Bd2 0-0 11. 0-0 Rfc8 12. Bg5 h6 13. Bh4 Nf5 14. Bg3 cxd4 15. cxd4 Nb4 16. c4 dxc4 17. Nd2 c3 18. Nb3 Bc6 19. Bc4 Be4 20. Nc5 Bc2 21. Qf3 Nxd4 22. Nxe6 Nxf3+ 23. gxf3 Qxc4 24. Nf4 Bd3 25. Rfc1 Nc2 26. Rab1 Nd4 27. Rxb7 Nxf3+ 28. Kg2 Be4 29. e6 Ng5+ 30. Kg1 Bxb7 31. Nh5 Qe4 0-1

[Event "IECG TG-2008-0-15827"]
[Site "IECG email"]
[Date "3.??.??"]
[Round "2"]
[White "Elnemr, Amir"]
[Black "Olsson, Peter"]
[Result "0-1"]
[WhiteElo "1400"]
[BlackElo "1423"]
[PlyCount "28"]
[EventDate "2008.03.16"]
[EventType "tourn (corr)"]
[EventRounds "6"]
[SourceTitle "Corr 2024"]
[Source "ChessBase"]
[SourceDate "2023.10.19"]
[SourceVersion "1"]
[SourceVersionDate "2023.10.19"]
[SourceQuality "1"]

1. d4 d5 2. c4 c6 3. Nf3 Nf6 4. Bf4 dxc4 5. a4 b5 6. axb5 cxb5 7. Nc3 Qb6 8. e3 e6 9. Be2 Bb7 10. 0-0 Be7 11. b3 0-0 12. Nxb5 Qxb5 13. bxc4 Qc6 14. Ne5 Qxg2# 0-1